Presidents of India 🇮🇳 - Statistics

General Stats
  • This quiz has been taken 70 times
    69 since last reset
  • The average score is 12 of 18
Answer Stats
Hint Answer % Correct
July 25, 2002 - July 25, 2007 Dr APJ Abdul Kalam
93%
January 26, 1950 - May 13, 1962 Dr Rajendra Prasad
91%
July 25, 2022 - Present Droupadi Murmu
87%
July 25, 2012 - July 25, 2017 Pranab Mukherjee
82%
July 25, 2017 - July 25, 2022 Ram Nath Kovind
82%
July 25, 2007 - July 25, 2012 Pratibha Devisingh Patil
80%
July 25, 1982 - July 25, 1987 Giani Zail Singh
75%
May 13, 1962 - May 13, 1967 Dr Sarvepalli Radhakrishnan
73%
May 13, 1967 - May 03, 1969 Dr Zakir Hussain
71%
May 03, 1969 - July 20, 1969 ( Acting) Varahagiri Venkata Giri
60%
August 24, 1969 - August 24, 1974 Varahagiri Venkata Giri
60%
August 24, 1974 - February 11, 1977 Dr Fakhruddin Ali Ahmed
55%
July 25, 1992 - July 25, 1997 Dr Shankar Dayal Sharma
53%
July 25, 1997 - July 25, 2002 Kr Narayanan
53%
July 25, 1977 - July 25, 1982 Neelam Sanjeev Reddy
51%
July 25, 1987 - July 25, 1992 R. Venkataraman
38%
July 20, 1969 - August 24, 1969 ( Acting) Justice Muhammad Hidayatullah
36%
February 11, 1977 - July 25, 1977 ( Acting) B D Jatti
33%
No matching quizzes found
Score Distribution
Percent of People with Each Score
Percentile by Number Answered
Your Score History
You have not taken this quiz since the last reset